| 000 | 01078nam a2200313Ia 4500 | ||
|---|---|---|---|
| 001 | 357830 | ||
| 003 | EC-QuCCB | ||
| 005 | 20240611092854.0 | ||
| 007 | ta | ||
| 008 | 130917s1994 ec a gr 001 0 spa d | ||
| 020 | _a9978841865 | ||
| 040 | _aEC-QuCCB | ||
| 041 | 0 | _aspa | |
| 082 |
_a324 _bA326 |
||
| 100 | 1 |
_aAlbán Gómez, Ernesto, _9340 _d1937- |
|
| 245 | 1 | 0 |
_aElecciones, ideologías y programas políticos _cErnesto Alban, Enrique Ayala, Agustín Grijalva |
| 250 | _aSegunda edición | ||
| 260 |
_aQuito, Ecuador : _bCorporación Editora Nacional, _c1994 |
||
| 300 |
_a250 páginas : _bilustraciones ; _c17 cm |
||
| 336 |
_atexto _btxt |
||
| 337 |
_ano mediado _bn |
||
| 338 |
_avolumen _bnc |
||
| 490 | 1 |
_aBiblioteca General de Cultura ; _vnúmero 5 |
|
| 505 | 1 | _aLos sistemas electorales contemporáneos -- Evolución del sistema electoral Ecuatoriano -- Información sistematizada. | |
| 650 |
_911463 _aCiencias Políticas _zEcuador |
||
| 700 | 1 |
_aAyala Mora, Enrique, _9817 _d1950- |
|
| 700 | 1 |
_aGrijalva Jiménez, Agustín, _93251 _d1965- |
|
| 942 |
_2ddc _cBK |
||
| 999 |
_c1150 _d1150 |
||